Luxury philosophy (Record no. 4846)

MARC details
000 -CABECERA
campo de control de longitud fija 02320cam a2200277zi 4500
001 - NÚMERO DE CONTROL
campo de control 17651589
005 - FECHA Y HORA DE LA ÚLTIMA TRANSACCIÓN
campo de control 20250709142019.0
008 - DATOS DE LONGITUD FIJA--INFORMACIÓN GENERAL
campo de control de longitud fija 240907s2025 enk b 001 0 eng d
020 ## - NÚMERO INTERNACIONAL ESTÁNDAR DEL LIBRO
Número Internacional Estándar del Libro 1350414832
020 ## - NÚMERO INTERNACIONAL ESTÁNDAR DEL LIBRO
Número Internacional Estándar del Libro 9781350414839
020 ## - NÚMERO INTERNACIONAL ESTÁNDAR DEL LIBRO
Número Internacional Estándar del Libro 9781350414846
024 8# - IDENTIFICADOR DE OTROS ESTÁNDARES
Número estándar o código 60002564117
035 ## - NÚMERO DE CONTROL DEL SISTEMA
Número de control de sistema (NhCcYBP)om5003910950
035 ## - NÚMERO DE CONTROL DEL SISTEMA
Número de control de sistema 17651589
040 ## - FUENTE DE LA CATALOGACIÓN
Centro catalogador/agencia de origen NhCcYBP
Lengua de catalogación eng
Normas de descripción rda
Centro/agencia transcriptor NhCcYBP
041 ## - CÓDIGO DE LENGUA
Código de lengua del texto/banda sonora o título independiente English
050 #4 - SIGNATURA TOPOGRÁFICA DE LA BIBLIOTECA DEL CONGRESO
Número de clasificación BJ1535.L9
Número de documento/Ítem A76 2025
100 ## - ENTRADA PRINCIPAL--NOMBRE DE PERSONA
Nombre de persona Armitage, John
Fechas asociadas al nombre 1956-
Término indicativo de función/relación author.
Número de control del registro de autoridad o número normalizado http://id.loc.gov/authorities/names/no00103126
245 10 - MENCIÓN DE TÍTULO
Título Luxury philosophy
Mención de responsabilidad, etc. / John Armitage.
264 #1 - PRODUCCIÓN, PUBLICACIÓN, DISTRIBUCIÓN, FABRICACIÓN Y COPYRIGHT
Producción, publicación, distribución, fabricación y copyright London ;
-- New York :
Nombre del de productor, editor, distribuidor, fabricante Bloomsbury Academic,
Fecha de producción, publicación, distribución, fabricación o copyright 2025.
300 ## - DESCRIPCIÓN FÍSICA
Extensión 207 pages ;
Dimensiones 24 cm
505 ## - NOTA DE CONTENIDO CON FORMATO
Nota de contenido con formato Luxury Philosophy: An Introduction —<br/>Jean-Jacques Rousseau: Luxury as the Enervation of Virtue —<br/>Jean François de Saint-Lambert: The Luxury of Appearances —<br/>Karl Marx: Luxury is the Opposite of the Necessary —<br/>Emmanuel Levinas: A Philosophy of Voluptuosity —<br/>Georges Bataille: Luxury as Expenditure —<br/>Theodor W. Adorno: The Dual Character of Luxury —<br/>Roland Barthes: Luxury Mythology —<br/>Luxury Philosophy Today: A Conclusion.
520 ## - SUMARIO, ETC.
Sumario, etc. Luxury has been associated with superficiality, consumerism and meaninglessness throughout the history of serious philosophical thought. How could something so obviously about the external possibly be existentially significant or even a profound concept? Luxury Philosophy carves out alternative modes of understanding the luxurious arguing that the negative characterization by 18th- and 19th-century philosophers of luxury as dissatisfaction or as an evil enjoyed by the idle rich gave way in the 20th century and beyond to more positive, even potentially revolutionary, theories of luxury as voluptuousity, squander, uselessness, and abundance.<br/><br/>John Armitage charts the history of continental theories of luxury which embody a wide variety of disciplines and methods, including philosophy, sociology, and cultural studies, revealing the depth of contemporary critical luxury studies. Luxury Philosophy provides profound insights for all those interested in the nature, causes, and principles of sumptuous living and surroundings, knowledge of pleasure, or the values of comfort and desire.
650 #0 - PUNTO DE ACCESO ADICIONAL DE MATERIA--TÉRMINO DE MATERIA
Término de materia o nombre geográfico como elemento de entrada Luxury
Subdivisión general Philosophy.
942 ## - ELEMENTOS DE ENTRADA AGREGADA (KOHA)
Fuente del sistema de clasificación o colocación Clasificación de Library of Congress
Holdings
Estado de retiro Estado de pérdida Fuente del sistema de clasificación o colocación Estado dañado No para préstamo Biblioteca de origen Biblioteca actual Fecha de adquisición Total de préstamos Signatura topográfica completa Fecha visto por última vez Número de copia Precio válido a partir de Tipo de ítem Koha Nota pública
    Clasificación de Library of Congress     TBS Barcelona TBS Barcelona 09/07/2025   BJ1535.L9 ARM 09/07/2025 1 09/07/2025 Book SOON AVAILABLE

Powered by Koha